000 00722nam a2200205Ii 4500
003 JO-AjNU
008 230605s9999||||xx |||||||||||||| ||und||
017 _a2005/2/332
040 _aJO-AjNU
_bara
_erda
_cJO-AjNU
041 _aara
050 1 4 _aTK5105.8885.K42 2005
100 3 _aخطاب ، عامر محمد/الجبالي، رامي محمود,
_eauthor
_928774
245 0 0 _aتصميم صفحات الانترنت Flash mx 2004
264 3 1 _aعمان:مكتبة المجتمع العربي، 2005
300 _a208ص
_bصور توضيحية
336 _atext
_btxt
_2rdacontent
337 _aunmediated
_bn
_2rdamedia
338 _avolume
_bnc
_2rdacarrier
650 4 _aمواقع الويب-تصميم
_928775
999 _aA11201
_c14769
_d14769